Quizzes
Events
Quiz Creation
Community
Videos
Private Events
Remove Ads
Sign In
Join for FREE
Feedback
Dark Mode
Quiz Categories
Sports
Geography
Music
Movies
Television
Just For Fun
Miscellaneous
History
Literature
Language
Science
Gaming
Entertainment
Religion
Holiday
For Kids
Quiz Lab
Recent
Popular Today
Quiz Kudos Today
Editor Picks
Curator Picks
Quizzes by...
Day
Popularity
Type
Ratings
Length
Year
Community
Subscriptions
Recent Discussions
Orange Saloon
Badges
Playlists
Quests
Create
Leaderboards
Showdown
Live 5
Trivia Bingo
Activity
Puzzle Library
Sporcle Events
Private Events
Virtual Trivia
Globe League
Become a Host
Pub Owners
SporcleCon
Opinionation
Our Games
Videos
Blog
Mobile Apps
Partnerships
Remove Ads and Go Orange
Feedback
Sports
Athletes
MLB
NBA
NHL
NFL
Soccer
Sports Teams
WWE
NCAA
Football
Premier League
Basketball
Baseball
Hockey
Golf
Tennis
Cricket
Rugby
Auto Racing
Olympics
World Cup
Sports
Athletes
MLB
NBA
NHL
NFL
Soccer
Sports Teams
WWE
NCAA
Football
Premier League
Basketball
Baseball
Hockey
Golf
Tennis
Cricket
Rugby
Auto Racing
Olympics
World Cup
Random Quiz
Search Sporcle
×
Quiz Lab
Quiz Lab
Sports
Super Bowl
Type in answers that appear in a list
Type in answers that appear in a list
Classic
Best Score? Go Orange.
Losing Superbowl Quarterbacks Stats
Can you name the Losing Superbowl Quarterbacks?
By
hoosier1391
6m
49 Questions
372 Plays
372 Plays
372 Plays
Comments
Comments
Give Quiz Kudos
Give Quiz Kudos
-
- Ratings
hide this ad
More Info
Replay
Link that replays current quiz
Next Quiz
Link to next quiz in quiz playlist
You Got
0%
They Got
Avg Score
77%
Avg Friend Score
Upgrade to see
Score Distribution
Jump to the score distribution portion of the page
Score
0/49
Timer
06:00
0
Plays Today
Who lost as QB?
% Correct
Super Bowl XLII -
Giants vs Patriots
Tom Brady
98.7%
Super Bowl XLVI -
Giants vs Patriots
Tom Brady
98.7%
Super Bowl XLVIII -
Seahawks vs Broncos
Peyton Manning
97.1%
Super Bowl XLIV -
Saints vs Colts
Peyton Manning
97%
Super Bowl XXXVI -
Rams vs Patriots
Kurt Warner
94.4%
Super Bowl XLIII -
Steelers vs Cardinals
Kurt Warner
94.4%
Super Bowl XLIX -
Patriots vs Seahawks
Russell Wilson
93.8%
Super Bowl XXI -
Broncos vs Giants
John Elway
93.8%
Super Bowl XXII -
Redskins vs Broncos
John Elway
93.8%
Super Bowl XXIV -
49ers vs Broncos
John Elway
93.8%
Super Bowl XXV -
Bills vs Giants
Jim Kelly
93.5%
Super Bowl XXVI -
Redskins vs Bills
Jim Kelly
93.5%
Super Bowl XXVII -
Bills vs Cowboys
Jim Kelly
93.5%
Super Bowl XXVIII -
Cowboys vs Bills
Jim Kelly
93.5%
Super Bowl XXXII -
Packers vs Broncos
Brett Favre
92.5%
Super Bowl XIX -
Dolphins vs 49ers
Dan Marino
92.2%
Super Bowl XLV -
Steelers vs Packers
Ben Roethlisberger
91.4%
Super Bowl XXXIX -
Patriots vs Eagles
Donovan McNabb
89.5%
Super Bowl X -
Cowboys vs Steelers
Roger Staubach
88.7%
Super Bowl XIII -
Steelers vs Cowboys
Roger Staubach
88.7%
Super Bowl VIII -
Vikings vs Dolphins
Fran Tarkenton
86.3%
Super Bowl IX -
Steelers vs Vikings
Fran Tarkenton
86.3%
Super Bowl XI -
Raiders vs Vikings
Fran Tarkenton
86.3%
Super Bowl XXXIV -
Rams vs Titans
Steve McNair
86.3%
Super Bowl XL -
Seahawks vs Steelers
Matt Hasselbeck
85.8%
Who lost as QB?
% Correct
Super Bowl XLVII -
Ravens vs 49ers
Colin Kaepernick
85.7%
Super Bowl I -
Chiefs vs Packers
Len Dawson
84.9%
Super Bowl XXXVIII -
Panthers vs Patriots
Jake Delhomme
84.7%
Super Bowl XXXI -
Patriots vs Packers
Drew Bledsoe
83.6%
Super Bowl XXIII -
Bengals vs 49ers
Boomer Esiason
82%
Super Bowl XLI -
Colts vs Bears
Rex Grossman
81.7%
Super Bowl XXXVII -
Raiders vs Bucs
Rich Gannon
79.8%
Super Bowl VI -
Cowboys vs Dolphins
Bob Griese
77.7%
Super Bowl XXXV -
Ravens vs Giants
Kerry Collins
76.6%
Super Bowl XVIII -
Redskins vs Raiders
Joe Theismann
74.7%
Super Bowl XV -
Raiders vs Eagles
Ron Jaworski
69.1%
Super Bowl XXXIII -
Broncos vs Falcons
Chris Chandler
68%
Super Bowl XVI -
49ers vs Bengals
Ken Anderson
67.7%
Super Bowl XXX -
Cowboys vs Steelers
Neil O'Donnell
64.8%
Super Bowl XX -
Bears vs Patriots
Tony Eason
61.6%
Super Bowl II -
Packers vs Raiders
Daryl Lamonica
56.2%
Super Bowl V -
Colts vs Cowboys
Craig Morton
55.6%
Super Bowl XII -
Cowboys vs Broncos
Craig Morton
55.6%
Super Bowl XXIX -
Chargers vs 49ers
Stan Humphries
55.4%
Super Bowl III -
Jets vs Colts
Earl Morrall
52.4%
Super Bowl IV -
Vikings vs Chiefs
Joe Kapp
48.7%
Super Bowl XIV -
Rams vs Steelers
Vince Ferragamo
45.2%
Super Bowl VII -
Dolphins vs Redskins
Billy Kilmer
44.4%
Super Bowl XVII -
Dolphins vs Redskins
David Woodley
38.7%
Quiz Playlist
Details
Report
Send in Message
Add To Playlist
More Info:
Name the losing Starting QB in Super Bowl history.
Classic:
Type in answers that appear in a list
Last Updated: Feb 16, 2017
Quiz Scoreboard
CHALLENGE
Sign Up to Join the Scoreboard
Show All
Scores
Hide
Comments
May contain spoilers
Recently Published
Movies - When Are They Set?
by FPL_Elf
Movies
5m
Popular People in 1961
by mucciniale
History
6m
1-10 Letter E Words III
by El_Dandy
Language
2m
More to Explore
Quiz From the Vault
Featured Blog Post
Where Did the Easter Bunny Come From?
hide this ad
You Might Also Like...
Tags
Losing
Super Bowl
Today's Top Quizzes in Sports
Browse Sports
hide this ad
Today's Top Quizzes in Super Bowl
Browse Super Bowl
Top Contributed Quizzes in Sports
1
Les meilleurs buteurs des matchs entre le PSG et l’OM
2
FIFA Club World Cup Champions
3
Les entraîneurs de l'OM et du PSG au 21e siècle
4
2022 World Cup Stars
5
Name the Premier League winners with different clubs
6
La finale Lions - Afrique du Sud 2021
7
Criteria MLB: Left Handed Sluggers
8
Les joueurs passés par le LOSC et le RC Lens
9
Players with Multiple 50 Home Run Seasons
10
MLB Players with Two .350 Batting Average Seasons
Explore More
Trending Topics
Anime
NBA
Harry Potter
Marvel
Crossword
Disney
Kpop
NFL
Country
The Office
Puzzle
Pokémon
Song
WWE
Soccer
hide this ad
More By:
hoosier1391
Quiz
Plays
Rating
Category
Featured
Created
Losing Superbowl Quarterbacks
372
Sports
Oct 2, 2012
Super Bowl and Heismann Winners
273
5.00
Sports
Oct 3, 2012
Super Bowl Winning QBs without a MVP
176
4.60
Sports
Oct 3, 2012
NFL MVP and Super Bowl MVP
94
Sports
Oct 3, 2012
Heisman Winner and Super Bowl MVP
88
2.00
Sports
Oct 3, 2012
Go to Creator's Profile
Score Distribution
Quiz Creator Spotlight
hoosier1391
Follow
Send a Message
Quizzes Created
-
Created Quiz Play Count
-
More By This Creator
Popular Quizzes Today
1
Find the US States - No Outlines Minefield
2
Find the Countries of Europe - No Outlines Minefield
3
The Countries of the World
4
Popular People in 1961
5
1-10 Letter E Words III
6
US States
7
Find the US States
8
One Thing in Common: World Cities II
More Sports Quizzes
Champions League Golden Boot Winners
Quiz Lab
Trending Quizzes
Risky Map Clicking: Least Populous States A-Z
1-10 Letter F Words
Humor Books: The Subtitles
1-10 Letter G Words
One Thing in Common: United Kingdom
Recently Updated
Leaping Animals
pecheneg
Reality TV Shows (A-Z)
bhenderson79
Rickey Henderson's Hall of Fame Teammates
pecheneg
Champions League XIs: Arsenal
pecheneg
Quick Pick: Celebrities in WWE's Hall of Fame
aduchscher
A-Z Keypad Blitz II
pecheneg
Multiple Oscar Actors
pecheneg
Mystery Phrase Blitz: Oscar 'Best Actors'
pecheneg
F. Scott Fitzgerald Novels
LTH
Pick 3 Villains
ddd62291
Trending Topics
Disney
Kpop
Harry Potter
NBA
Anime
Crossword
Marvel
Puzzle
Pokémon
Soccer
NFL
Country
Song
The Office
WWE
Your Account Isn't Verified!
In order to create a playlist on Sporcle, you need to verify the email address you used during registration. Go to your
Sporcle Settings
to finish the process.
Report this User
Report this user for behavior that violates our
Community Guidelines
.
Details:
Send Report
Go to the Sporcle.com Mobile Site →
Comments